000 00876nam a2200253Ia 4500
003 OSt
005 20220923212226.0
006 a|||||r|||| 00| 0
007 ta
008 220922b |||||||| |||| 00| 0 hin d
024 _a151,754
037 _cTextual
040 _aARTS
_cARTS
_bhin
041 _2hin
_ahin
082 _aO152,3:g, M0
100 _aत्रिपाठी, वाल्मीकि
245 0 _aजी हांॅ, आप भी उपन्यास लिख सकते हेैं
246 _aJī hāanॅ, āp bhī upanyās likh sakate heaian
260 _aकानपुर
_b ग्रंथम
_c1980
300 _a101 पृ.
_ccm.
650 _aहिन्दी साहित्य
_9156264
942 _hO152,3:g, M0
_cTEXL
_2CC
999 _c307427
_d307427